| 000 | 00760nam a2200217 a 4500 | ||
|---|---|---|---|
| 001 | 000021060 | ||
| 005 | 20240226135234.0 | ||
| 008 | 100830s1984 dr a 000 0 spa d | ||
| 040 |
_aDO-SdBNP _bspa _cBNPHU |
||
| 082 |
_axxx _bV494g |
||
| 100 | 1 |
_aVergara, Benito S. _944047 |
|
| 240 | 1 | 0 | _aA farmer's primer on growing rice |
| 245 | 1 | 0 |
_aGuía para el nuevo arrocero / _cBenito S. Vergara ; presentación Domingo Marte ; N. C. Brady ; traducción Federico Cuevas Pérez. |
| 250 | _a2a ed. | ||
| 260 |
_aSanto Domingo : _bSecretaría de Estado de Agricultura, _c1984. |
||
| 300 |
_a221 p. : _bil. ; _c24 cm. |
||
| 700 | 1 |
_aMarte, Domingo, _d1939- _910487 |
|
| 700 | 1 |
_aBrady, N.C. _944048 |
|
| 700 | 1 |
_aCuevas Pérez, Federico _etrad. _944049 |
|
| 049 | _aBNPD | ||
| 999 |
_c20563 _d20563 |
||